000 01212nam a2200325 c 4500
999 _c348967
_d348967
003 BLK
005 20250630145143.0
008 180409b bul|||||r ||||||| ||bul||
010 _aKNG00143342000
020 _a9789542831242
040 _aBLK
041 _aBUL
_cBUL
080 _aРуска литература
_b821.161.1
_x-312.9
_z821.161.1-312.9
100 1 _aЛукяненко, Сергей Василиевич
_eпърви автор
_989889
139 _aЛукяненко, Сергей Василиевич
_bЛ 86
245 1 0 _aНощен патрул
_bРоман
_cСергей Василиевич Лукяненко; прев. от рус. Васил Велчев.
250 _a3. изд.
257 _aRUS
260 _aСофия
_bСиела Норма
_c2019
_9217021
_n978-954-28-
300 _a466 с.
_c21 см
380 _aX
500 _aОриг. загл. Новый дозор / Сергей Лукьяненко.
700 1 _aВелчев, Васил
_eпрев. от рус.
_9371331
852 _bП
_c882/Л 86 С
856 _i0.00
_ldisable
942 _cKNG
_n0
_025
_s1
999 _d348967
999 _d348967
944 _k30531
_lЦветелина Шанова